000 00707nam a2200229 a 4500
001 BRCA_2682
005 20190320203924.0
008 021208c1917----gw-a---###---#000-0#ger-#
050 4 _aNE1030
_b.F91 1917
100 1 _aFriedländer, Max J.
_97466
245 1 0 _aDer Holzschnitt
_cMax J. Friedlander.
260 _aBerlin
_bGeorg Reimer
_c1917
300 _aiv, 229 p.
_bil., (algunas a color), 2 láminas
_c21 cm.
440 0 _aHandbucher der Koniglichen Museen zu Berlin
_97604
500 _aIncluye índice analítico
500 _aA125
650 1 4 _aGrabadores
_97352
650 1 4 _aGrabado en madera
_eHistoria
_97409
650 1 4 _aGrabado en madera
_eTécnica
_97409
902 _aGFM
942 _2lcc
_cB
999 _c2422
_d2422